| 000 | 01033nas a2200325 4500 | ||
|---|---|---|---|
| 001 | BR2010003100 | ||
| 003 | BR-BrBNA | ||
| 005 | 20231205114100.0 | ||
| 007 | ta | ||
| 008 | 230509b bl.|||p| |||| 00| 00por d | ||
| 040 |
_aBR-BrBNA _bpor _cBiblioteca Nacional de Agricultura |
||
| 041 | _a(Pt) | ||
| 072 | _aP35 | ||
| 100 | 1 | _aMiranda, J.R.P. de | |
| 100 | 1 | _aCarvalho, J.G. de | |
| 100 | 1 | _aFreire, A.L. de O. | |
| 100 | 1 | _aFernandes, A.R. | |
| 100 | 1 | _aSantos, D.R. dos | |
| 100 | 1 | _aPaiva, H.N. de | |
| 245 | 1 | _aCloreto de sódio e silício e seus efeitos na nutrição mineral e na produção de matéria seca de plantas de moringa (Moringa oleifera Lam.) | |
| 650 | _aNUTRIÇÃO VEGETAL | ||
| 650 | _aMATÉRIA SECA | ||
| 650 | _aLIXIVIAÇÃO | ||
| 650 | _aSALINIDADE | ||
| 650 | _aSILÍCIO | ||
| 650 | _aMORINGA | ||
| 773 | 0 |
_tRevista de Ciências Agrárias (Brazil) _xISSN 1517-591X _g(Jul-Dec 2005), (no. 44) p. 81-95 _wBR2010003100 |
|
| 909 |
_a202311 _bLúcia _c55 _dLúcia Elande |
||
| 942 |
_2AGRIS _n0 _cANA |
||
| 999 |
_c206997 _d206997 |
||